[Event "Open Ciutat de Sabadell 2010"]
[Site "Sabadell ESP"]
[Date "2010.09.03"]
[Round "3.4"]
[White "Lopez Martinez, Josep Manuel"]
[Black "Carlstedt, Jonathan"]
[Result "1-0"]
[WhiteElo "2531"]
[BlackElo "2376"]
[PlyCount "89"]
[EventDate "2010.09.01"]
[EventType "swiss"]
[EventRounds "9"]
[EventCountry "ESP"]
[Source "lmi"]
[SourceDate "2010.09.01"]

1. d4 d5 2. c4 e6 3. Nc3 c5 4. cxd5 exd5 5. Nf3 Nc6 6. g3 Nf6 7. Bg2 Be7 8. O-O
O-O 9. dxc5 Bxc5 10. Bg5 d4 11. Bxf6 Qxf6 12. Nd5 Qf5 13. Nd2 Rd8 14. Nf4 Bd6
15. Nd3 Be6 16. Rc1 Nb4 17. Nxb4 Bxb4 18. a3 Bf8 19. Bxb7 Rab8 20. Be4 Qe5 21.
Rc2 Rb6 22. Qc1 Rdb8 23. Re1 g6 24. Bd3 Bh6 25. b4 Bh3 26. Rc5 Qe8 27. Qc2 Re6
28. Nf3 Rd8 29. Qc4 Rf6 30. Re5 Qd7 31. Be4 Rd6 32. Rd1 Rc8 33. Rc5 Rd8 34. Rc7
Qe8 35. Bc6 Qe6 36. Qxe6 Bxe6 37. Be4 a5 38. bxa5 Ra6 39. Rxd4 Rb8 40. Rb4 Rd8
41. Rd4 Rb8 42. Bd5 Rb2 43. Bxe6 Rxe6 44. Rd8+ Kg7 45. Nd4 1-0

[Event "Open Ciutat de Sabadell 2010"]
[Site "Sabadell ESP"]
[Date "2010.09.03"]
[Round "3.5"]
[White "Quesada Perez, Yuniesky"]
[Black "Almeida Quintana, Omar"]
[Result "1/2-1/2"]
[WhiteElo "2614"]
[BlackElo "2559"]
[PlyCount "30"]
[EventDate "2010.09.01"]
[EventType "swiss"]
[EventRounds "9"]
[EventCountry "ESP"]
[Source "lmi"]
[SourceDate "2010.09.01"]

1. e4 e5 2. Nf3 Nf6 3. Nxe5 d6 4. Nf3 Nxe4 5. Qe2 Qe7 6. d3 Nf6 7. Bg5 Qxe2+ 8.
Bxe2 Be7 9. Nc3 c6 10. d4 h6 11. Bh4 Bf5 12. O-O-O Nbd7 13. Bd3 Bg4 14. Be2 Bf5
15. Bd3 Bg4 1/2-1/2

[Event "Open Ciutat de Sabadell 2010"]
[Site "Sabadell ESP"]
[Date "2010.09.03"]
[Round "3.6"]
[White "Gonzalez Perez, Arian"]
[Black "Perez Mitjans, Orelvis"]
[Result "0-1"]
[WhiteElo "2410"]
[BlackElo "2445"]
[PlyCount "60"]
[EventDate "2010.09.01"]
[EventType "swiss"]
[EventRounds "9"]
[EventCountry "ESP"]
[Source "lmi"]
[SourceDate "2010.09.01"]

1. e4 c5 2. Nf3 d6 3. d4 cxd4 4. Nxd4 Nf6 5. Nc3 g6 6. Be3 Bg7 7. f3 Nbd7 8.
Qd2 a6 9. Be2 b5 10. O-O Bb7 11. a4 b4 12. Na2 a5 13. c3 d5 14. exd5 Nxd5 15.
Bh6 bxc3 16. Nxc3 Bxh6 17. Qxh6 Qb6 18. Rfd1 e5 19. Nxd5 Bxd5 20. Rac1 exd4 21.
Bb5 Ke7 22. Qg5+ Nf6 23. Rc6 Bxc6 24. Re1+ Be4 25. Rxe4+ Kf8 26. Qh6+ Kg8 27.
Re7 d3+ 28. Kh1 Qd8 29. Re1 d2 30. Rd1 Rc8 0-1

[Event "Open Ciutat de Sabadell 2010"]
[Site "Sabadell ESP"]
[Date "2010.09.03"]
[Round "3.7"]
[White "Barrientos, Sergio E"]
[Black "Lorenzo De La Riva, Lazaro"]
[Result "1-0"]
[WhiteElo "2464"]
[BlackElo "2391"]
[PlyCount "79"]
[EventDate "2010.09.01"]
[EventType "swiss"]
[EventRounds "9"]
[EventCountry "ESP"]
[Source "lmi"]
[SourceDate "2010.09.01"]

1. e4 c5 2. Nf3 d6 3. d4 cxd4 4. Nxd4 Nf6 5. Nc3 Nc6 6. Nde2 Qa5 7. Bd2 Qb6 8.
Nd5 Nxd5 9. exd5 Ne5 10. Bc3 Bd7 11. Qd4 Qc7 12. Ng3 a6 13. f4 Ng4 14. Be2 Nf6
15. O-O Rc8 16. Ne4 Bf5 17. Nxf6+ gxf6 18. Kh1 Qc5 19. Qd2 h5 20. Bf3 h4 21.
Rae1 Kd7 22. Rc1 Qc4 23. Bd4 Qxa2 24. c4 Bh6 25. c5 dxc5 26. Bxc5 Qb3 27. Qe2
Rxc5 28. Rxc5 Qd3 29. Qf2 h3 30. Rc3 hxg2+ 31. Kxg2 Qb5 32. Rfc1 Rd8 33. d6
exd6 34. Rc7+ Ke8 35. Rxb7 Qd3 36. Qa7 Bxf4 37. Re7+ Kf8 38. Rxf7+ Kg8 39. Rg7+
Kh8 40. Qe7 1-0

[Event "Open Ciutat de Sabadell 2010"]
[Site "Sabadell ESP"]
[Date "2010.09.03"]
[Round "3.8"]
[White "Rojas Keim, Luis"]
[Black "Rios, Cristhian Camilo"]
[Result "0-1"]
[WhiteElo "2455"]
[BlackElo "2380"]
[PlyCount "102"]
[EventDate "2010.09.01"]
[EventType "swiss"]
[EventRounds "9"]
[EventCountry "ESP"]
[Source "lmi"]
[SourceDate "2010.09.01"]

1. d4 Nf6 2. Bg5 c5 3. d5 Ne4 4. Bf4 Qb6 5. Bc1 e6 6. f3 Nf6 7. e4 d6 8. c4 g6
9. Ne2 Bg7 10. Nec3 e5 11. Be2 O-O 12. O-O Nh5 13. g3 f5 14. exf5 gxf5 15. f4
Nf6 16. fxe5 dxe5 17. Nd2 Ne8 18. Nb3 Na6 19. Be3 Bd7 20. d6 Kh8 21. Nb5 Rf6
22. Nxc5 f4 23. Nxd7 Qxe3+ 24. Kg2 Rf7 25. Bg4 e4 26. Rxf4 Rxf4 27. gxf4 Qxf4
28. Qe2 Nxd6 29. Nxd6 Qxd6 30. Qxe4 Nc5 31. Nxc5 Qxc5 32. Rf1 Bh6 33. Rf5 Qb4
34. b3 Rd8 35. Rf2 Qc5 36. Be6 b6 37. Bd5 a5 38. Rf5 Rf8 39. Bf7 Qd6 40. Qd5
Qe7 41. Qf3 Qd6 42. Qd5 Qe7 43. Rf2 Bg7 44. h3 Bf6 45. Be6 Qg7+ 46. Kh1 Rd8 47.
Qf3 Bd4 48. Rg2 Qh6 49. Bg4 Re8 50. Qd1 Qf4 51. Be2 Rxe2 0-1

[Event "Open Ciutat de Sabadell 2010"]
[Site "Sabadell ESP"]
[Date "2010.09.03"]
[Round "3.9"]
[White "Escobar, Forero Alder"]
[Black "Randazzo, Adrian"]
[Result "1-0"]
[WhiteElo "2454"]
[BlackElo "2251"]
[PlyCount "65"]
[EventDate "2010.09.01"]
[EventType "swiss"]
[EventRounds "9"]
[EventCountry "ESP"]
[Source "lmi"]
[SourceDate "2010.09.01"]

1. e4 c5 2. Nf3 d6 3. d4 cxd4 4. Nxd4 Nf6 5. Nc3 a6 6. g3 e5 7. Nb3 h5 8. Bg5
Be7 9. Qd2 Be6 10. f4 b5 11. Bxf6 Bxf6 12. O-O-O Be7 13. Nd5 Bxd5 14. Qxd5 Nd7
15. Bh3 Ra7 16. Bxd7+ Rxd7 17. fxe5 dxe5 18. Qxe5 O-O 19. Qxh5 Qc7 20. Rxd7
Qxd7 21. Rf1 g6 22. Qd5 Qh3 23. Rf2 Qh6+ 24. Kb1 Qe3 25. Rf1 Qe2 26. Qd3 Qxh2
27. Qf3 Qh8 28. Na5 Bd6 29. Nc6 Qh5 30. Qf6 Qh3 31. Rd1 Bc5 32. b4 Qh5 33. g4
1-0

[Event "Open Ciutat de Sabadell 2010"]
[Site "Sabadell ESP"]
[Date "2010.09.03"]
[Round "3.10"]
[White "Matnadze, Ana"]
[Black "Alberto, Manuel"]
[Result "1/2-1/2"]
[WhiteElo "2428"]
[BlackElo "2200"]
[PlyCount "98"]
[EventDate "2010.09.01"]
[EventType "swiss"]
[EventRounds "9"]
[EventCountry "ESP"]
[Source "lmi"]
[SourceDate "2010.09.01"]

1. d4 d5 2. Nf3 Nf6 3. g3 c6 4. Bg2 Bf5 5. O-O e6 6. c4 Nbd7 7. Nc3 h6 8. Nd2
Bb4 9. Qb3 Qa5 10. a3 Bxc3 11. bxc3 O-O 12. a4 Rfc8 13. Ba3 e5 14. Bb4 Qa6 15.
Rfe1 Be6 16. c5 b6 17. Qa3 bxc5 18. Bxc5 Nxc5 19. Qxc5 Nd7 20. Qd6 e4 21. f3
Qa5 22. Rec1 Rab8 23. fxe4 Rb2 24. Qf4 dxe4 25. Nxe4 Rxe2 26. c4 Rb8 27. Bf1
Reb2 28. Re1 Qh5 29. Nd2 g5 30. Qf2 Nf6 31. Re2 Bg4 32. Re5 Kg7 33. Rae1 Bd1
34. h3 Bc2 35. Re7 Qg6 36. Rxa7 Ne4 37. Nxe4 Bxe4 38. Qe3 Qf5 39. g4 Qf6 40.
Be2 R8b3 41. Qxe4 Rg3+ 42. Kh1 Rbb3 43. Qe5 Rxh3+ 44. Kg2 Rbg3+ 45. Qxg3 Rxg3+
46. Kxg3 Qf4+ 47. Kg2 Qe4+ 48. Kg3 Qf4+ 49. Kg2 Qe4+ 1/2-1/2

[Event "Open Ciutat de Sabadell 2010"]
[Site "Sabadell ESP"]
[Date "2010.09.04"]
[Round "4.1"]
[White "Fier, Alexandr"]
[Black "Peralta, Fernando"]
[Result "1/2-1/2"]
[WhiteElo "2588"]
[BlackElo "2564"]
[PlyCount "76"]
[EventDate "2010.09.01"]
[EventType "swiss"]
[EventRounds "9"]
[EventCountry "ESP"]
[Source "lmi"]
[SourceDate "2010.09.01"]

1. d4 Nf6 2. c4 e6 3. Nf3 d5 4. Nc3 Bb4 5. cxd5 exd5 6. Bg5 Nbd7 7. e3 c5 8.
Bd3 c4 9. Bf5 Nb6 10. Qc2 Bxf5 11. Qxf5 Qd7 12. Qe5+ Qe6 13. Bxf6 gxf6 14. Qc7
Rg8 15. Kf1 Bxc3 16. bxc3 Qe4 17. Qxb7 Qd3+ 18. Kg1 Qxc3 19. Re1 Kf8 20. h4 h5
21. Rh3 Qb4 22. e4 Qe7 23. Qa6 dxe4 24. Nd2 Qb4 25. Qa3 Qxa3 26. Rxa3 f5 27. f3
exf3 28. Rxf3 Rd8 29. Rxf5 Rxd4 30. Nf3 Rd5 31. Ne5 Rg7 32. Rxh5 c3 33. Rh6 Kg8
34. Nc6 f5 35. Re8+ Kf7 36. Re7+ Kg8 37. Re8+ Kf7 38. Re7+ Kg8 1/2-1/2

[Event "Open Ciutat de Sabadell 2010"]
[Site "Sabadell ESP"]
[Date "2010.09.04"]
[Round "4.2"]
[White "Kovalyov, Anton"]
[Black "Lopez Martinez, Josep Manuel"]
[Result "1/2-1/2"]
[WhiteElo "2601"]
[BlackElo "2531"]
[PlyCount "155"]
[EventDate "2010.09.01"]
[EventType "swiss"]
[EventRounds "9"]
[EventCountry "ESP"]
[Source "lmi"]
[SourceDate "2010.09.01"]

1. c4 Nf6 2. Nf3 g6 3. Nc3 Bg7 4. e4 d6 5. d4 O-O 6. Be2 e5 7. Be3 Nbd7 8. O-O
Qe7 9. Qc2 exd4 10. Nxd4 c6 11. Nb3 Re8 12. Nd2 Nc5 13. f3 a5 14. Rfd1 Nfd7 15.
Bf2 a4 16. Bf1 Be5 17. Rac1 Qd8 18. g3 Qa5 19. Ndb1 Qc7 20. Qd2 Qa5 21. Re1 Qc7
22. Rcd1 Qa5 23. f4 Bg7 24. Qxd6 a3 25. bxa3 Bxc3 26. Nxc3 Qxc3 27. Bxc5 Nxc5
28. Qxc5 Qxa3 29. Qxa3 Rxa3 30. Rd2 Bf5 31. Rde2 Bc8 32. Rb2 Rd8 33. Kf2 Rc3
34. Re3 Rc1 35. Be2 h5 36. Reb3 Rh1 37. Kg2 Rc1 38. h4 Kg7 39. Kf3 Re8 40. Ke3
Rd8 41. Rd2 Rxd2 42. Kxd2 Ra1 43. a3 Kf6 44. Bd1 Be6 45. Rc3 Ra2+ 46. Bc2 Ra1
47. c5 Ke7 48. Ke3 Rg1 49. Kd4 Rg2 50. Bb3 Rd2+ 51. Ke3 Rg2 52. Kf3 Rd2 53.
Bxe6 Kxe6 54. Ke3 Rg2 55. Kd4 Rd2+ 56. Kc4 Re2 57. Kd4 Rb2 58. Rf3 Rd2+ 59. Rd3
Rb2 60. Kc3 Re2 61. Kb4 Rxe4+ 62. Ka5 Re1 63. Kb6 Rb1+ 64. Kc7 Rb5 65. a4 Rxc5
66. Kxb7 Rc1 67. a5 c5 68. a6 Rb1+ 69. Kc6 Ra1 70. Re3+ Kf5 71. Kb6 c4 72. a7
Rb1+ 73. Kc6 Ra1 74. Kb6 Rb1+ 75. Kc7 Ra1 76. Kb7 Rb1+ 77. Kc8 Ra1 78. Kb7
1/2-1/2

[Event "Open Ciutat de Sabadell 2010"]
[Site "Sabadell ESP"]
[Date "2010.09.04"]
[Round "4.3"]
[White "Perez Mitjans, Orelvis"]
[Black "Oms Pallisse, Josep"]
[Result "0-1"]
[WhiteElo "2445"]
[BlackElo "2517"]
[PlyCount "112"]
[EventDate "2010.09.01"]
[EventType "swiss"]
[EventRounds "9"]
[EventCountry "ESP"]
[Source "lmi"]
[SourceDate "2010.09.01"]

1. e4 e5 2. Nc3 Nf6 3. f4 d5 4. fxe5 Nxe4 5. Qf3 f5 6. d3 Nxc3 7. bxc3 d4 8.
Qg3 Nc6 9. Be2 Be6 10. c4 Bb4+ 11. Kf1 O-O 12. Nf3 Qd7 13. Rb1 Rab8 14. Bf4 Bc5
15. Ng5 Nb4 16. Bf3 c6 17. Rb2 b5 18. Bh5 bxc4 19. Bg6 hxg6 20. Qh4 Rfe8 21.
Qh7+ Kf8 22. Qxg6 Ke7 23. a3 Na6 24. Nxe6 Qxe6 25. Qxg7+ Kd8 26. Rxb8+ Nxb8 27.
h4 cxd3 28. cxd3 Nd7 29. h5 Nxe5 30. Qb7 Qc8 31. Qg7 Qe6 32. Qb7 Bd6 33. Qa8+
Qc8 34. Qxa7 Qb8 35. Qxb8+ Bxb8 36. g3 Bd6 37. h6 Nf7 38. Bxd6 Nxd6 39. h7 Nf7
40. Rh4 Ke7 41. Rxd4 Rh8 42. Rc4 Ne5 43. Rc5 Kd6 44. d4 Ng4 45. Ke2 Nh6 46. Kf3
Rxh7 47. Ra5 Re7 48. Kf4 Re4+ 49. Kg5 Ng4 50. Rxf5 Rxd4 51. Rf4 Rxf4 52. Kxf4
Ne5 53. g4 Nc4 54. a4 Ke6 55. Ke4 c5 56. Kf4 Kf6 0-1

[Event "Open Ciutat de Sabadell 2010"]
[Site "Sabadell ESP"]
[Date "2010.09.04"]
[Round "4.4"]
[White "Escobar, Forero Alder"]
[Black "Quesada Perez, Yuniesky"]
[Result "1-0"]
[WhiteElo "2454"]
[BlackElo "2614"]
[PlyCount "91"]
[EventDate "2010.09.01"]
[EventType "swiss"]
[EventRounds "9"]
[EventCountry "ESP"]
[Source "lmi"]
[SourceDate "2010.09.01"]

1. e4 c5 2. Nf3 Nc6 3. d4 cxd4 4. Nxd4 Qc7 5. Nc3 e6 6. f4 a5 7. Nxc6 Qxc6 8.
Bd3 b5 9. Qe2 Bb7 10. a3 Be7 11. Bd2 Rc8 12. O-O-O b4 13. axb4 Bxb4 14. Qg4 Kf8
15. f5 e5 16. Qh3 Nf6 17. g4 Bxc3 18. Bxc3 Qa4 19. Rhe1 d6 20. g5 Nxe4 21. Rxe4
Bxe4 22. f6 Re8 23. Qh4 d5 24. g6 fxg6 25. Rf1 Re6 26. f7 Qa1+ 27. Kd2 Qxf1 28.
Bxf1 Kxf7 29. Qf2+ Bf5 30. Qc5 Be4 31. Bh3 Bf5 32. Bg2 Be4 33. Bxe4 dxe4 34.
Qd5 Rhe8 35. Ke3 g5 36. Bxe5 Kg6 37. Bd4 h5 38. c4 g4 39. c5 h4 40. c6 g3 41.
hxg3 hxg3 42. c7 g2 43. Ke2 Kh7 44. Qxe6 Rxe6 45. c8=Q e3 46. Qc1 1-0

[Event "Open Ciutat de Sabadell 2010"]
[Site "Sabadell ESP"]
[Date "2010.09.04"]
[Round "4.5"]
[White "Almeida Quintana, Omar"]
[Black "Gonzalez Rodriguez, Jorge A"]
[Result "1-0"]
[WhiteElo "2559"]
[BlackElo "2399"]
[PlyCount "88"]
[EventDate "2010.09.01"]
[EventType "swiss"]
[EventRounds "9"]
[EventCountry "ESP"]
[Source "lmi"]
[SourceDate "2010.09.01"]

1. d4 Nf6 2. Nf3 e6 3. c4 b6 4. Nc3 Bb4 5. Bg5 Bb7 6. Nd2 Bxc3 7. bxc3 d6 8. f3
c5 9. e3 Nbd7 10. Bd3 Qc7 11. O-O O-O-O 12. a4 a5 13. Rb1 Kb8 14. Rb2 Ka7 15.
Qc2 h6 16. Bh4 Ba6 17. Rfb1 Rb8 18. e4 g5 19. Bf2 h5 20. Nb3 e5 21. Be3 Rhg8
22. Qc1 Nh7 23. Nd2 f6 24. Nf1 Nhf8 25. Ng3 exd4 26. cxd4 cxd4 27. Bxd4 Ne6 28.
Bf2 Nec5 29. Be2 h4 30. Nf5 Ne5 31. Ne3 Bb7 32. Rxb6 Bc6 33. R6b5 Bxb5 34. Nd5
Qd8 35. cxb5 Kb7 36. b6 Qd7 37. Bb5 Nc6 38. Nxf6 Qe7 39. Nxg8 Rxg8 40. Qc4 Rc8
41. Bxc5 Nb4 42. Rxb4 Rxc5 43. Ba6+ Kc6 44. b7 Rxc4 1-0

[Event "Open Ciutat de Sabadell 2010"]
[Site "Sabadell ESP"]
[Date "2010.09.04"]
[Round "4.6"]
[White "Carlstedt, Jonathan"]
[Black "Zoler, Dan"]
[Result "1/2-1/2"]
[WhiteElo "2376"]
[BlackElo "2509"]
[PlyCount "154"]
[EventDate "2010.09.01"]
[EventType "swiss"]
[EventRounds "9"]
[EventCountry "ESP"]
[Source "lmi"]
[SourceDate "2010.09.01"]

1. c4 c5 2. g3 Nc6 3. Bg2 g6 4. Nc3 Bg7 5. a3 d6 6. Rb1 a5 7. d3 e6 8. e4 Nge7
9. Nge2 O-O 10. O-O Rb8 11. Be3 b6 12. Qd2 Bb7 13. h3 Nd4 14. b4 axb4 15. axb4
Nec6 16. bxc5 bxc5 17. Nb5 Nxe2+ 18. Qxe2 Ba6 19. Rfd1 Qd7 20. Qa2 Bxb5 21.
Rxb5 Bd4 22. Rxb8 Rxb8 23. Rb1 Rxb1+ 24. Qxb1 Bxe3 25. fxe3 Ne5 26. Qc2 Qa7 27.
Kf2 Qa1 28. Bf1 h5 29. Bg2 Kg7 30. Bf1 Nc6 31. Qd2 g5 32. Kg2 Kg6 33. Be2 Qe5
34. Qe1 Qf6 35. Qf2 Qxf2+ 36. Kxf2 h4 37. gxh4 gxh4 38. Kf3 Kg5 39. Kf2 Ne5 40.
Bf1 Nd7 41. Be2 Nf6 42. Bf3 Kg6 43. Bd1 Kg7 44. Kf3 e5 45. Kf2 Kf8 46. Ke1 Ke7
47. Kd2 Kd7 48. Be2 Kc7 49. Kc3 Kb6 50. Kb3 Ka5 51. Bd1 Nd7 52. Bh5 f6 53. Be8
Nb6 54. Bb5 Na8 55. Bd7 Nc7 56. Bg4 Na6 57. Bd1 Nb4 58. Kc3 Na6 59. Kb3 Nb4 60.
Kc3 Kb6 61. Bg4 Kc7 62. Kd2 Kd8 63. Bf5 Ke7 64. Bg4 Kf7 65. Bf5 Kg7 66. Bg4 Kg6
67. Bf5+ Kg5 68. Bd7 Kh6 69. Kc3 Kg6 70. Kd2 Kf7 71. Bg4 Nc6 72. Ke2 Kg6 73.
Bd7 Nb4 74. Kd2 Kg5 75. Kc3 Na2+ 76. Kb2 Nb4 77. Kc3 Na2+ 1/2-1/2

[Event "Open Ciutat de Sabadell 2010"]
[Site "Sabadell ESP"]
[Date "2010.09.04"]
[Round "4.7"]
[White "Martinez Duany, Lelys Stanley"]
[Black "Lasinskas, Povilas"]
[Result "1/2-1/2"]
[WhiteElo "2507"]
[BlackElo "2195"]
[PlyCount "72"]
[EventDate "2010.09.01"]
[EventType "swiss"]
[EventRounds "9"]
[EventCountry "ESP"]
[Source "lmi"]
[SourceDate "2010.09.01"]

1. e4 e5 2. Nf3 Nc6 3. Bb5 a6 4. Ba4 Nf6 5. O-O b5 6. Bb3 Bc5 7. a4 Rb8 8. c3
Bb6 9. d4 d6 10. Na3 O-O 11. axb5 axb5 12. Nxb5 Bg4 13. Bc2 Bxf3 14. gxf3 Nh5
15. f4 Qh4 16. fxe5 dxe5 17. d5 Ne7 18. Qf3 Ng6 19. c4 Ngf4 20. Be3 Nh3+ 21.
Kh1 Ng5 22. Qg2 Bxe3 23. fxe3 Rb6 24. Rf5 Rg6 25. Qf2 Qh3 26. Rg1 h6 27. Na7
Ra6 28. Nc6 g6 29. Rxe5 Rc8 30. Bd1 Ra1 31. Re7 Rc1 32. Ne5 Ra1 33. Nxf7 Nf3
34. Nxh6+ Kh8 35. Nf7+ Kg8 36. Nh6+ Kh8 1/2-1/2

[Event "Open Ciutat de Sabadell 2010"]
[Site "Sabadell ESP"]
[Date "2010.09.04"]
[Round "4.8"]
[White "Rios, Cristhian Camilo"]
[Black "Barrientos, Sergio E"]
[Result "1-0"]
[WhiteElo "2380"]
[BlackElo "2464"]
[PlyCount "59"]
[EventDate "2010.09.01"]
[EventType "swiss"]
[EventRounds "9"]
[EventCountry "ESP"]
[Source "lmi"]
[SourceDate "2010.09.01"]

1. e4 c5 2. Nf3 Nc6 3. Bb5 d6 4. O-O Bd7 5. Re1 a6 6. Bxc6 Bxc6 7. d4 cxd4 8.
Qxd4 h6 9. c4 e5 10. Qd3 Nf6 11. Nc3 Be7 12. Nd5 O-O 13. Nxe7+ Qxe7 14. Nh4 Bd7
15. b3 Rfd8 16. Ba3 Nh5 17. Nf5 Bxf5 18. exf5 b5 19. Rad1 bxc4 20. bxc4 Rac8
21. Bxd6 Qg5 22. g3 Nf4 23. Qe4 Nh3+ 24. Kg2 Qh5 25. Qe2 Qxf5 26. Qxe5 Qxf2+
27. Kxh3 Rxc4 28. Bc5 Rxc5 29. Rxd8+ Kh7 30. Qe2 1-0

[Event "Open Ciutat de Sabadell 2010"]
[Site "Sabadell ESP"]
[Date "2010.09.04"]
[Round "4.9"]
[White "Vilela De Acuna, Jose Luis"]
[Black "Matnadze, Ana"]
[Result "1-0"]
[WhiteElo "2326"]
[BlackElo "2428"]
[PlyCount "81"]
[EventDate "2010.09.01"]
[EventType "swiss"]
[EventRounds "9"]
[EventCountry "ESP"]
[Source "lmi"]
[SourceDate "2010.09.01"]

1. d4 Nf6 2. Nf3 e6 3. c4 b6 4. g3 Bb7 5. Bg2 Be7 6. O-O O-O 7. Nc3 Ne4 8. Nxe4
Bxe4 9. Ne1 Bxg2 10. Nxg2 f5 11. b3 Bf6 12. Bb2 c5 13. Rb1 Qe7 14. d5 Bxb2 15.
Rxb2 e5 16. e4 f4 17. Qg4 Kh8 18. gxf4 exf4 19. Nxf4 g5 20. Nd3 d6 21. f3 Nd7
22. Rg2 Rae8 23. Qxg5 Qf7 24. Qd2 Qf6 25. Qb2 Qd4+ 26. Qxd4+ cxd4 27. Rd2 Ne5
28. Nxe5 dxe5 29. Rg2 a5 30. Kf2 a4 31. b4 Rc8 32. Rc1 Rf7 33. Ke2 a3 34. Rg3
Rfc7 35. Kd3 Rf7 36. c5 bxc5 37. bxc5 Rb7 38. c6 Rb2 39. Rc2 Rb1 40. Rgg2 Re1
41. Kc4 1-0

[Event "Open Ciutat de Sabadell 2010"]
[Site "Sabadell ESP"]
[Date "2010.09.04"]
[Round "4.10"]
[White "Anikaev, Yuri N"]
[Black "Rios, Alejandro"]
[Result "1/2-1/2"]
[WhiteElo "2426"]
[BlackElo "2299"]
[PlyCount "51"]
[EventDate "2010.09.01"]
[EventType "swiss"]
[EventRounds "9"]
[EventCountry "ESP"]
[Source "lmi"]
[SourceDate "2010.09.01"]

1. Nf3 Nf6 2. c4 c5 3. Nc3 Nc6 4. e3 e6 5. a3 Be7 6. d4 cxd4 7. exd4 d5 8. cxd5
Nxd5 9. Bd3 Nxc3 10. bxc3 Bf6 11. O-O O-O 12. Re1 Qa5 13. Bd2 b6 14. c4 Qh5 15.
Be4 Bb7 16. Rb1 Be7 17. Qa4 Rac8 18. Ne5 Nxe5 19. Bxb7 Nxc4 20. Bxc8 Nxd2 21.
Rbc1 Bd6 22. h3 Qg5 23. Re3 Qh5 24. Rc2 Bh2+ 25. Kh1 Bg3 26. Kg1 1/2-1/2

[Event "Open Ciutat de Sabadell 2010"]
[Site "Sabadell ESP"]
[Date "2010.09.06"]
[Round "5.1"]
[White "Lopez Martinez, Josep Manuel"]
[Black "Fier, Alexandr"]
[Result "0-1"]
[WhiteElo "2531"]
[BlackElo "2588"]
[PlyCount "38"]
[EventDate "2010.09.01"]
[EventType "swiss"]
[EventRounds "9"]
[EventCountry "ESP"]
[Source "lmi"]
[SourceDate "2010.09.01"]

1. Nf3 Nf6 2. c4 e6 3. d4 c5 4. e3 d5 5. Nc3 Nc6 6. cxd5 exd5 7. Be2 cxd4 8.
Nxd4 Bd6 9. O-O O-O 10. Qd3 Re8 11. Nxc6 bxc6 12. b3 Ng4 13. Bxg4 Bxg4 14. Bb2
Re6 15. f4 Qe7 16. Rae1 Bc5 17. Bc1 g6 18. Bd2 Bf5 19. Qa6 Bxe3+ 0-1

[Event "Open Ciutat de Sabadell 2010"]
[Site "Sabadell ESP"]
[Date "2010.09.06"]
[Round "5.2"]
[White "Peralta, Fernando"]
[Black "Oms Pallisse, Josep"]
[Result "1/2-1/2"]
[WhiteElo "2564"]
[BlackElo "2517"]
[PlyCount "91"]
[EventDate "2010.09.01"]
[EventType "swiss"]
[EventRounds "9"]
[EventCountry "ESP"]
[Source "lmi"]
[SourceDate "2010.09.01"]

1. d4 Nf6 2. c4 e6 3. Nc3 Bb4 4. e3 O-O 5. Nf3 d5 6. a3 Bxc3+ 7. bxc3 c5 8. Bb2
Nc6 9. Bd3 Qc7 10. O-O Na5 11. cxd5 exd5 12. Ne5 Re8 13. f3 Nc4 14. Nxc4 dxc4
15. Bxc4 Rxe3 16. Qd2 Re8 17. d5 Qd6 18. Rad1 Bd7 19. Ba2 Ba4 20. Rc1 Re7 21.
c4 Rae8 22. Rfe1 b6 23. Bc3 h6 24. Bb1 Kf8 25. Bd3 Rxe1+ 26. Rxe1 Rxe1+ 27.
Qxe1 Qe7 28. Be5 Ne8 29. Kf1 Bb3 30. Qc3 Ba4 31. h3 f6 32. Bf4 Nd6 33. Kf2 Ke8
34. Bc2 Bxc2 35. Qxc2 Kf7 36. Bxd6 Qxd6 37. Qf5 Qe7 38. Qc8 Qe5 39. Qd7+ Kg8
40. h4 g5 41. hxg5 hxg5 42. g3 Qb2+ 43. Kg1 Qc1+ 44. Kg2 Qc2+ 45. Kh3 Qxc4 46.
Qe8+ 1/2-1/2

[Event "Open Ciutat de Sabadell 2010"]
[Site "Sabadell ESP"]
[Date "2010.09.06"]
[Round "5.3"]
[White "Kovalyov, Anton"]
[Black "Escobar, Forero Alder"]
[Result "1-0"]
[WhiteElo "2601"]
[BlackElo "2454"]
[PlyCount "69"]
[EventDate "2010.09.01"]
[EventType "swiss"]
[EventRounds "9"]
[EventCountry "ESP"]
[Source "lmi"]
[SourceDate "2010.09.01"]

1. d4 d5 2. c4 c6 3. Nf3 Nf6 4. e3 Bg4 5. Qb3 Qb6 6. Nc3 e6 7. Nh4 Bh5 8. h3 g5
9. g4 Bg6 10. Nxg6 hxg6 11. Bg2 Nbd7 12. Bd2 Be7 13. O-O-O O-O-O 14. Kb1 Kb8
15. f3 Ne8 16. e4 Qxb3 17. axb3 dxc4 18. bxc4 c5 19. Ne2 cxd4 20. Nxd4 Nc7 21.
Bc3 Bf6 22. Kc2 a6 23. b4 Kc8 24. Bf1 Bxd4 25. Rxd4 e5 26. Rd6 Ne6 27. c5 Nd4+
28. Kb2 Nxf3 29. Bc4 Rh7 30. Rf1 Rxh3 31. Bxf7 Nb8 32. Be6+ Kc7 33. Rxf3 Rxf3
34. Bxe5 Rf2+ 35. Rd2+ 1-0

[Event "Open Ciutat de Sabadell 2010"]
[Site "Sabadell ESP"]
[Date "2010.09.06"]
[Round "5.4"]
[White "Rios, Cristhian Camilo"]
[Black "Almeida Quintana, Omar"]
[Result "1/2-1/2"]
[WhiteElo "2380"]
[BlackElo "2559"]
[PlyCount "109"]
[EventDate "2010.09.01"]
[EventType "swiss"]
[EventRounds "9"]
[EventCountry "ESP"]
[Source "lmi"]
[SourceDate "2010.09.01"]

1. d4 Nf6 2. c4 g6 3. Nc3 Bg7 4. e4 d6 5. f4 O-O 6. Nf3 c5 7. d5 e6 8. Be2 exd5
9. exd5 Re8 10. O-O Ng4 11. Bd3 Na6 12. h3 Ne3 13. Bxe3 Rxe3 14. Qd2 Re8 15. f5
Bxf5 16. Bxf5 gxf5 17. Qf4 Qf6 18. Nh4 Qd4+ 19. Kh1 Qxf4 20. Rxf4 Nb4 21. Nxf5
Be5 22. Rg4+ Kh8 23. Ne4 Rad8 24. Nh6 Rf8 25. Ng5 Rd7 26. Rf1 f6 27. a3 Nc2 28.
Ne6 Rb8 29. Nf5 b5 30. Rc1 Nd4 31. Nexd4 cxd4 32. Nxd4 h5 33. Nc6 hxg4 34. Nxb8
Rb7 35. Nc6 Bxb2 36. Rb1 bxc4 37. Na5 c3 38. Nxb7 c2 39. Re1 Bxa3 40. Nxd6 gxh3
41. gxh3 c1=Q 42. Rxc1 Bxc1 43. Nb5 a5 44. d6 f5 45. h4 Be3 46. Kg2 Kg7 47. Kf3
Bc5 48. Kf4 Kf6 49. h5 a4 50. d7 Be7 51. h6 Kg6 52. h7 Kxh7 53. Kxf5 Kg7 54.
Ke6 Bd8 55. Kd5 1/2-1/2

[Event "Open Ciutat de Sabadell 2010"]
[Site "Sabadell ESP"]
[Date "2010.09.06"]
[Round "5.5"]
[White "Zoler, Dan"]
[Black "Vilela De Acuna, Jose Luis"]
[Result "1/2-1/2"]
[WhiteElo "2509"]
[BlackElo "2326"]
[PlyCount "76"]
[EventDate "2010.09.01"]
[EventType "swiss"]
[EventRounds "9"]
[EventCountry "ESP"]
[Source "lmi"]
[SourceDate "2010.09.01"]

1. d4 Nf6 2. c4 e6 3. Nf3 b6 4. g3 Ba6 5. b3 Bb4+ 6. Bd2 Be7 7. Bg2 c6 8. Bc3
d5 9. Ne5 Nfd7 10. Nxd7 Nxd7 11. Nd2 O-O 12. O-O f5 13. Bb2 Bd6 14. Rc1 Qe7 15.
Rc2 Rac8 16. Qc1 Nf6 17. a3 Rfd8 18. Nf3 dxc4 19. bxc4 c5 20. d5 Ne4 21. dxe6
Bb7 22. Qa1 Rc7 23. Rd1 Qxe6 24. Rd3 Rcd7 25. Rc1 h6 26. Rcd1 Kh7 27. Qc1 Bc6
28. Qc2 Bc7 29. Nh4 Rxd3 30. exd3 Ng5 31. Qc3 Rd4 32. Re1 Qd7 33. Qc2 Bxg2 34.
Bxd4 Qc6 35. Nxg2 Nf3+ 36. Kf1 Nxh2+ 37. Kg1 Nf3+ 38. Kf1 Nh2+ 1/2-1/2